[Event "WCO2014"]
[Site "Tromso"]
[Date "2014.08.09"]
[Round "7.23"]
[WhiteID "5900328"]
[White "Constantinou Pavlos"]
[BlackID "19600054"]
[Black "Hemam Moulaye Brahim"]
[Result "0-1"]
[LiveChessVersion "1.4.3"]
[BlackElo "2070"]
[WhiteElo "2106"]

1. e4 {[%clk 1:30:56]} c5 {[%clk 1:30:47]} 2. Nf3 {[%clk 1:31:17]} Nc6
{[%clk 1:31:10]} 3. Nc3 {[%clk 1:31:39]} Nf6 {[%clk 1:31:18]} 4. Bb5
{[%clk 1:32:01]} a6 {[%clk 1:29:57]} 5. Bxc6 {[%clk 1:31:53]} dxc6
{[%clk 1:30:14]} 6. h3 {[%clk 1:29:30]} Qc7 {[%clk 1:27:52]} 7. d3
{[%clk 1:29:12]} e5 {[%clk 1:27:59]} 8. Be3 {[%clk 1:18:41]} b6 {[%clk 1:27:42]}
9. O-O {[%clk 1:18:05]} h6 {[%clk 1:26:48]} 10. Nh4 {[%clk 1:07:53]} Bd6
{[%clk 1:11:02]} 11. a4 {[%clk 1:01:01]} a5 {[%clk 1:11:14]} 12. Qf3
{[%clk 0:46:09]} Qd8 {[%clk 1:00:05]} 13. Nf5 {[%clk 0:41:01]} Bf8
{[%clk 1:00:19]} 14. Qe2 {[%clk 0:40:12]} g6 {[%clk 0:58:54]} 15. Ng3
{[%clk 0:39:55]} Nh7 {[%clk 0:55:54]} 16. f4 {[%clk 0:39:47]} Qh4
{[%clk 0:55:14]} 17. Qf3 {[%clk 0:37:13]} Bg7 {[%clk 0:48:11]} 18. fxe5
{[%clk 0:27:30]} O-O {[%clk 0:48:23]} 19. Bf4 {[%clk 0:21:19]} Ng5
{[%clk 0:45:18]} 20. Qf2 {[%clk 0:16:41]} Ne6 {[%clk 0:43:43]} 21. Nge2
{[%clk 0:11:13]} Qxf2+ {[%clk 0:40:48]} 22. Rxf2 {[%clk 0:11:42]} Nxf4
{[%clk 0:40:57]} 23. Nxf4 {[%clk 0:10:51]} Bxe5 {[%clk 0:41:13]} 24. Kh1
{[%clk 0:09:16]} Ba6 {[%clk 0:38:49]} 25. Nfe2 {[%clk 0:07:57]} Rad8
{[%clk 0:38:44]} 26. Rd1 {[%clk 0:07:11]} Rd7 {[%clk 0:36:47]} 27. b3
{[%clk 0:07:26]} Rfd8 {[%clk 0:37:03]} 28. Nb1 {[%clk 0:07:42]} c4
{[%clk 0:36:00]} 29. bxc4 {[%clk 0:07:02]} Bxc4 {[%clk 0:36:17]} 30. Na3
{[%clk 0:06:29]} Ba6 {[%clk 0:36:28]} 31. Rb1 {[%clk 0:06:21]} b5
{[%clk 0:30:52]} 32. axb5 {[%clk 0:05:45]} cxb5 {[%clk 0:31:17]} 33. Nxb5
{[%clk 0:05:14]} Rb7 {[%clk 0:28:53]} 34. Na3 {[%clk 0:04:03]} Rxb1+
{[%clk 0:28:03]} 35. Nxb1 {[%clk 0:04:28]} a4 {[%clk 0:28:15]} 36. Nec3
{[%clk 0:04:05]} Rb8 {[%clk 0:27:35]} 37. Rf1 {[%clk 0:04:05]} a3
{[%clk 0:27:42]} 38. Ne2 {[%clk 0:00:48]} Bb2 {[%clk 0:25:52]} 39. Nxa3
{[%clk 0:01:11]} Bxa3 {[%clk 0:24:54]} 40. Ra1 {[%clk 0:01:34]} Bd6
{[%clk 0:24:56]} 41. Rxa6 {[%clk 0:01:46]} Rb1+ {[%clk 0:25:24]} 42. Ng1
{[%clk 0:01:24]} Bc5 {[%clk 0:25:46]} 43. Kh2 {[%clk 0:01:10]} Bxg1+
{[%clk 0:25:43]} 44. Kg3 {[%clk 0:01:30]} Bd4 {[%clk 0:25:31]} 45. Rc6
{[%clk 0:00:51]} Rf1 {[%clk 0:25:34]} 46. Kh4 {[%clk 0:12:59]} Kg7
{[%clk 0:49:25]} 47. c3 {[%clk 0:12:16]} Bf2+ {[%clk 0:46:10]} 48. Kg4
{[%clk 0:11:45]} Be3 {[%clk 0:45:08]} 49. d4 {[%clk 0:10:07]} h5+
{[%clk 0:30:58]} 50. Kg3 {[%clk 0:09:53]} g5 {[%clk 0:30:45]} 51. Kh2
{[%clk 0:07:41]} h4 {[%clk 0:28:35]} 52. g4 {[%clk 0:07:41]} Rf2+
{[%clk 0:27:25]} 53. Kh1 {[%clk 0:07:52]} Bf4 {[%clk 0:27:35]} 54. Rc5
{[%clk 0:07:10]} Rh2+ {[%clk 0:27:47]} 55. Kg1 {[%clk 0:07:31]} Rxh3
{[%clk 0:28:12]} 56. Kg2 {[%clk 0:06:53]} Re3 {[%clk 0:27:41]} 0-1

[Event "WCO2014"]
[Site "Tromso"]
[Date "2014.08.09"]
[Round "7.22"]
[WhiteID "19600038"]
[White "Taleb Mohamed Ahmed"]
[BlackID "5900123"]
[Black "Antoniou Antonis"]
[Result "1/2-1/2"]
[LiveChessVersion "1.4.3"]
[BlackElo "2188"]
[WhiteElo "2024"]

1. d4 {[%clk 1:30:50]} d6 {[%clk 1:30:51]} 2. g3 {[%clk 1:30:42]} e5
{[%clk 1:31:10]} 3. dxe5 {[%clk 1:29:43]} dxe5 {[%clk 1:31:34]} 4. Qxd8+
{[%clk 1:29:50]} Kxd8 {[%clk 1:32:01]} 5. Bg2 {[%clk 1:28:48]} Nc6
{[%clk 1:27:03]} 6. Nf3 {[%clk 1:24:30]} f6 {[%clk 1:26:15]} 7. O-O
{[%clk 1:23:43]} Bf5 {[%clk 1:20:39]} 8. Rd1+ {[%clk 1:22:24]} Ke8
{[%clk 1:20:04]} 9. c3 {[%clk 1:20:55]} Nge7 {[%clk 1:10:18]} 10. Na3
{[%clk 1:18:22]} a6 {[%clk 1:08:14]} 11. Be3 {[%clk 1:13:40]} Be6
{[%clk 1:08:06]} 12. Bc5 {[%clk 1:09:54]} Rd8 {[%clk 1:06:59]} 13. Rxd8+
{[%clk 1:09:33]} Nxd8 {[%clk 1:06:54]} 14. Nc2 {[%clk 1:08:08]} b6
{[%clk 1:04:48]} 15. Ba3 {[%clk 1:07:12]} Nf7 {[%clk 0:51:09]} 16. b3
{[%clk 1:00:15]} Nf5 {[%clk 0:39:53]} 17. Bxf8 {[%clk 0:59:40]} Rxf8
{[%clk 0:40:20]} 18. Rd1 {[%clk 0:57:16]} a5 {[%clk 0:38:34]} 19. Nd2
{[%clk 0:47:22]} Ke7 {[%clk 0:37:14]} 20. Ne4 {[%clk 0:43:53]} N7d6
{[%clk 0:26:12]} 21. Nxd6 {[%clk 0:34:23]} Nxd6 {[%clk 0:24:25]} 22. Bc6
{[%clk 0:32:05]} Bd7 {[%clk 0:20:43]} 23. Bxd7 {[%clk 0:26:42]} Kxd7
{[%clk 0:21:07]} 24. Ne3 {[%clk 0:26:25]} Kc6 {[%clk 0:21:00]} 25. f3
{[%clk 0:22:50]} Nb5 {[%clk 0:10:36]} 26. a4 {[%clk 0:22:53]} Nd6
{[%clk 0:10:57]} 27. Nd5 {[%clk 0:21:22]} Rf7 {[%clk 0:04:10]} 28. Kf2
{[%clk 0:16:12]} Rd7 {[%clk 0:03:07]} 29. e4 {[%clk 0:10:49]} Nb7
{[%clk 0:01:44]} 30. b4 {[%clk 0:09:54]} Nd6 {[%clk 0:00:57]} 31. Ne3
{[%clk 0:09:21]} Kb7 {[%clk 0:00:40]} 32. Ke2 {[%clk 0:09:28]} axb4
{[%clk 0:00:40]} 33. cxb4 {[%clk 0:09:08]} Rd8 {[%clk 0:01:09]} 34. Nf5
{[%clk 0:08:07]} Ra8 {[%clk 0:00:35]} 35. Nxd6+ {[%clk 0:07:00]} cxd6
{[%clk 0:01:04]} 36. Rxd6 {[%clk 0:07:29]} Rxa4 {[%clk 0:01:07]} 37. Rd7+
{[%clk 0:07:37]} Kc6 {[%clk 0:01:36]} 38. Rxg7 {[%clk 0:07:37]} Rxb4
{[%clk 0:02:04]} 39. Rxh7 {[%clk 0:07:41]} Rb2+ {[%clk 0:02:32]} 40. Ke1
{[%clk 0:07:28]} Kc5 {[%clk 0:02:07]} 41. h4 {[%clk 0:07:37]} b5 {[%clk 0:27:11]}
42. Rd7 {[%clk 0:30:54]} b4 {[%clk 0:25:46]} 43. Kd1 {[%clk 0:28:45]} Rf2
{[%clk 0:23:58]} 44. Rd3 {[%clk 0:25:16]} Kc4 {[%clk 0:23:48]} 45. Re3
{[%clk 0:23:58]} b3 {[%clk 0:18:11]} 46. Kc1 {[%clk 0:20:20]} Kb4
{[%clk 0:15:26]} 47. Kb1 {[%clk 0:13:52]} Rf1+ {[%clk 0:10:38]} 48. Kb2
{[%clk 0:14:16]} Rf2+ {[%clk 0:11:07]} 49. Kb1 {[%clk 0:14:32]} Ka3
{[%clk 0:11:34]} 50. Re1 {[%clk 0:14:48]} Rxf3 {[%clk 0:11:37]} 51. h5
{[%clk 0:14:27]} Rxg3 {[%clk 0:11:44]} 52. Rh1 {[%clk 0:14:45]} Rg7
{[%clk 0:11:35]} 53. h6 {[%clk 0:14:40]} Rh7 {[%clk 0:12:04]} 54. Rh3
{[%clk 0:13:52]} Kb4 {[%clk 0:12:16]} 55. Kb2 {[%clk 0:13:22]} Kc4
{[%clk 0:12:45]} 56. Rh4 {[%clk 0:13:16]} Kb4 {[%clk 0:08:37]} 1/2-1/2

[Event "WCO2014"]
[Site "Tromso"]
[Date "2014.08.09"]
[Round "7.21"]
[WhiteID "5900360"]
[White "Georgiou Andreas"]
[BlackID "19600097"]
[Black "Sabar Ethmane Daouda"]
[Result "1/2-1/2"]
[LiveChessVersion "1.4.3"]
[BlackElo "2002"]
[WhiteElo "1781"]

1. d4 {[%clk 1:30:57]} d5 {[%clk 1:30:50]} 2. c4 {[%clk 1:31:21]} e6
{[%clk 1:31:06]} 3. Nc3 {[%clk 1:31:45]} Nf6 {[%clk 1:31:29]} 4. cxd5
{[%clk 1:32:10]} exd5 {[%clk 1:31:41]} 5. Bg5 {[%clk 1:32:26]} c6
{[%clk 1:31:18]} 6. Nf3 {[%clk 1:30:47]} Nbd7 {[%clk 1:31:25]} 7. e3
{[%clk 1:31:04]} Qb6 {[%clk 1:29:19]} 8. Qc2 {[%clk 1:30:01]} Bd6
{[%clk 1:29:17]} 9. Bd3 {[%clk 1:30:11]} h6 {[%clk 1:23:28]} 10. Bh4
{[%clk 1:26:10]} O-O {[%clk 1:18:08]} 11. O-O {[%clk 1:26:36]} Re8
{[%clk 1:17:55]} 12. Na4 {[%clk 1:20:54]} Qc7 {[%clk 1:16:16]} 13. Nc5
{[%clk 1:16:44]} Ng4 {[%clk 1:04:35]} 14. Bg3 {[%clk 1:16:48]} Bxg3
{[%clk 1:03:01]} 15. hxg3 {[%clk 1:17:07]} Ndf6 {[%clk 1:01:00]} 16. e4
{[%clk 1:14:05]} b6 {[%clk 0:49:45]} 17. e5 {[%clk 1:11:57]} bxc5
{[%clk 0:49:37]} 18. exf6 {[%clk 1:12:17]} c4 {[%clk 0:49:46]} 19. Bh7+
{[%clk 1:11:27]} Kh8 {[%clk 0:49:54]} 20. fxg7+ {[%clk 1:11:46]} Kxg7
{[%clk 0:50:12]} 21. Bf5 {[%clk 1:07:20]} Bxf5 {[%clk 0:34:32]} 22. Qxf5
{[%clk 1:04:26]} Qc8 {[%clk 0:34:49]} 23. Qh5 {[%clk 0:57:23]} Nf6
{[%clk 0:33:40]} 24. Qh3 {[%clk 0:56:32]} Qxh3 {[%clk 0:33:52]} 25. gxh3
{[%clk 0:57:00]} Re2 {[%clk 0:34:04]} 26. b3 {[%clk 0:45:17]} c3 {[%clk 0:25:44]}
27. Rfe1 {[%clk 0:42:56]} Rb2 {[%clk 0:20:00]} 28. Kf1 {[%clk 0:32:53]} Ne4
{[%clk 0:17:08]} 29. Re2 {[%clk 0:31:01]} Nd2+ {[%clk 0:15:53]} 30. Nxd2
{[%clk 0:30:53]} cxd2 {[%clk 0:16:21]} 31. Rd1 {[%clk 0:30:26]} Rxa2
{[%clk 0:16:49]} 32. Rexd2 {[%clk 0:30:03]} Rxd2 {[%clk 0:17:16]} 33. Rxd2
{[%clk 0:30:25]} Rb8 {[%clk 0:17:27]} 34. Rd3 Kf6 {[%clk 0:15:46]} 35. Ke2
{[%clk 0:26:11]} Ke6 {[%clk 0:16:07]} 36. Kd2 {[%clk 0:26:02]} Kd6
{[%clk 0:16:22]} 37. Kc3 {[%clk 0:26:17]} a5 {[%clk 0:15:05]} 38. Rf3
{[%clk 0:26:31]} Ke6 {[%clk 0:14:14]} 39. Re3+ {[%clk 0:26:51]} Kd6
{[%clk 0:10:32]} 40. Rf3 {[%clk 0:27:15]} Ke6 {[%clk 0:08:38]} 41. Re3+
{[%clk 0:27:03]} 1/2-1/2

[Event "WCO2014"]
[Site "Tromso"]
[Date "2014.08.09"]
[Round "7.13"]
[WhiteID "10100326"]
[White "Pascoal Eduardo A"]
[BlackID "7300018"]
[Black "Juarez Flores Carlos A."]
[Result "0-1"]
[LiveChessVersion "1.4.3"]
[BlackElo "2425"]
[WhiteElo "2181"]

1. Nf3 {[%clk 1:30:54]} d5 {[%clk 1:30:20]} 2. d4 {[%clk 1:30:50]} c6
{[%clk 1:30:47]} 3. Bf4 {[%clk 1:30:53]} Qb6 {[%clk 1:30:32]} 4. Qc1
{[%clk 1:30:48]} Nf6 {[%clk 1:30:33]} 5. e3 {[%clk 1:28:59]} Nh5 {[%clk 1:30:49]}
6. Bg3 {[%clk 1:27:47]} Bf5 {[%clk 1:28:18]} 7. Nbd2 {[%clk 1:17:37]} Nxg3
{[%clk 1:26:38]} 8. hxg3 {[%clk 1:17:55]} h6 {[%clk 1:27:03]} 9. c4 e6
{[%clk 1:27:26]} 10. Be2 {[%clk 1:03:59]} Nd7 {[%clk 1:27:25]} 11. cxd5
{[%clk 1:03:41]} cxd5 {[%clk 1:27:24]} 12. O-O {[%clk 1:01:53]} Bd6
{[%clk 1:27:21]} 13. Qc3 {[%clk 1:02:12]} O-O {[%clk 1:19:35]} 14. Qb3
{[%clk 1:00:37]} a5 {[%clk 1:09:07]} 15. Qb5 {[%clk 0:51:21]} Qxb5
{[%clk 1:06:47]} 16. Bxb5 {[%clk 0:51:36]} Nb6 {[%clk 1:06:55]} 17. Rfc1
{[%clk 0:50:19]} a4 {[%clk 1:00:17]} 18. a3 {[%clk 0:47:58]} Rfc8
{[%clk 1:00:27]} 19. Ne1 {[%clk 0:41:31]} e5 {[%clk 0:59:45]} 20. Bd3
{[%clk 0:37:15]} Bxd3 {[%clk 0:55:41]} 21. Nxd3 {[%clk 0:37:38]} e4
{[%clk 0:55:26]} 22. Nf4 {[%clk 0:33:32]} Bxf4 {[%clk 0:51:54]} 23. gxf4
{[%clk 0:33:49]} Nc4 {[%clk 0:52:17]} 24. Rc2 {[%clk 0:28:10]} Nxd2
{[%clk 0:46:10]} 25. Rxd2 {[%clk 0:28:29]} Ra6 {[%clk 0:45:20]} 26. Kf1
{[%clk 0:27:11]} Kf8 {[%clk 0:33:38]} 27. Ke2 {[%clk 0:24:42]} Ke7
{[%clk 0:33:03]} 28. Kd1 {[%clk 0:19:36]} Rac6 {[%clk 0:33:13]} 29. Ke2
{[%clk 0:15:53]} Kd6 {[%clk 0:30:56]} 30. f3 {[%clk 0:12:34]} f5 {[%clk 0:22:15]}
31. fxe4 {[%clk 0:10:22]} dxe4 {[%clk 0:19:54]} 32. Rh1 {[%clk 0:06:42]} Rc1
{[%clk 0:15:24]} 33. Rxc1 {[%clk 0:04:41]} Rxc1 {[%clk 0:15:52]} 34. Rd1
{[%clk 0:04:36]} Rc6 {[%clk 0:12:55]} 35. Rd2 {[%clk 0:03:12]} Rb6
{[%clk 0:11:41]} 36. Rc2 {[%clk 0:03:28]} Rb3 {[%clk 0:12:09]} 37. g3
{[%clk 0:03:30]} g5 {[%clk 0:10:00]} 38. Kf2 {[%clk 0:02:03]} b6 {[%clk 0:08:19]}
39. Ke2 {[%clk 0:02:13]} Kd5 {[%clk 0:08:12]} 40. Kf2 {[%clk 0:01:47]} Rd3
{[%clk 0:06:27]} 41. Ke2 {[%clk 0:02:10]} Rb3 {[%clk 0:06:51]} 42. Kf2
{[%clk 0:02:31]} gxf4 {[%clk 0:05:55]} 43. gxf4 {[%clk 0:02:53]} h5
{[%clk 0:06:19]} 44. Re2 {[%clk 0:01:15]} h4 {[%clk 0:01:07]} 45. Kg2
{[%clk 0:01:00]} Kc4 {[%clk 0:00:54]} 46. Rc2+ {[%clk 0:01:06]} Kd3
{[%clk 0:25:30]} 47. Rc3+ {[%clk 0:32:03]} Rxc3 {[%clk 0:25:44]} 48. bxc3
{[%clk 0:32:30]} Kxe3 {[%clk 0:25:54]} 49. d5 {[%clk 0:32:47]} Kxf4
{[%clk 0:26:05]} 50. d6 {[%clk 0:33:04]} e3 {[%clk 0:26:23]} 51. d7
{[%clk 0:33:00]} h3+ {[%clk 0:26:47]} 52. Kxh3 {[%clk 0:31:19]} e2
{[%clk 0:27:05]} 53. d8=Q {[%clk 0:29:46]} e1=Q {[%clk 0:27:31]} 54. Qd6+
{[%clk 0:19:09]} Qe5 {[%clk 0:22:39]} 55. Qh6+ {[%clk 0:15:14]} Kf3
{[%clk 0:20:48]} 56. Qh5+ {[%clk 0:14:57]} Ke3 {[%clk 0:19:44]} 57. Qh6+
{[%clk 0:14:18]} Kd3 {[%clk 0:20:03]} 58. Qxb6 {[%clk 0:14:24]} Qe3+
{[%clk 0:20:19]} 0-1

[Event "WCO2014"]
[Site "Tromso"]
[Date "2014.08.09"]
[Round "7.14"]
[WhiteID "7300549"]
[White "Garcia Fuentes Sergio Miguel"]
[BlackID "10100253"]
[Black "Domingos Catarino"]
[Result "1/2-1/2"]
[LiveChessVersion "1.4.3"]
[BlackElo "2280"]
[WhiteElo "2166"]

1. e4 {[%clk 1:30:56]} c5 {[%clk 1:29:40]} 2. Nf3 {[%clk 1:31:20]} d6
{[%clk 1:29:51]} 3. d4 {[%clk 1:31:28]} cxd4 {[%clk 1:30:15]} 4. Nxd4
{[%clk 1:31:52]} Nc6 {[%clk 1:30:06]} 5. c4 {[%clk 1:30:32]} g6 {[%clk 1:29:07]}
6. Nc3 {[%clk 1:29:29]} Bg7 {[%clk 1:28:50]} 7. Be3 {[%clk 1:29:52]} Nf6
{[%clk 1:28:51]} 8. Be2 {[%clk 1:30:15]} O-O {[%clk 1:28:03]} 9. O-O
{[%clk 1:30:36]} Bd7 {[%clk 1:27:10]} 10. Qd2 {[%clk 1:30:23]} Rc8
{[%clk 1:24:28]} 11. b3 {[%clk 1:23:09]} Re8 {[%clk 1:20:55]} 12. Rab1
{[%clk 1:09:30]} Qa5 {[%clk 1:18:27]} 13. f3 {[%clk 1:00:06]} a6 {[%clk 1:08:20]}
14. b4 {[%clk 0:32:33]} Qd8 {[%clk 1:03:35]} 15. Nxc6 {[%clk 0:31:51]} Bxc6
{[%clk 1:02:19]} 16. b5 {[%clk 0:29:25]} axb5 {[%clk 1:01:54]} 17. cxb5
{[%clk 0:28:45]} Bd7 {[%clk 1:02:20]} 18. Na4 {[%clk 0:27:07]} Ra8
{[%clk 0:52:37]} 19. Nb6 {[%clk 0:26:59]} Ra3 {[%clk 0:52:08]} 20. Nc4
{[%clk 0:23:47]} Ra8 {[%clk 0:50:54]} 21. Nb6 {[%clk 0:24:14]} Ra3
{[%clk 0:50:12]} 22. Bc4 {[%clk 0:21:44]} Be6 {[%clk 0:45:11]} 23. Bxe6
{[%clk 0:09:56]} fxe6 {[%clk 0:45:34]} 24. Nc4 {[%clk 0:10:21]} Ra4
{[%clk 0:40:17]} 25. Nb6 {[%clk 0:10:19]} Ra3 {[%clk 0:40:03]} 26. Nc4
{[%clk 0:03:23]} Ra4 {[%clk 0:39:35]} 27. Nb6 {[%clk 0:02:59]} Ra3
{[%clk 0:39:58]} 28. Nc4 {[%clk 0:02:49]} Ra4 {[%clk 0:38:57]} 1/2-1/2

[Event "WCO2014"]
[Site "Tromso"]
[Date "2014.08.09"]
[Round "7.15"]
[WhiteID "10100180"]
[White "Agnelo Amorim"]
[BlackID "7300239"]
[Black "Lorenzana Wilson Estuardo"]
[Result "1-0"]
[LiveChessVersion "1.4.3"]
[BlackElo "2222"]
[WhiteElo "2225"]

1. d4 {[%clk 1:30:50]} Nf6 {[%clk 1:30:26]} 2. c4 {[%clk 1:31:11]} g6
{[%clk 1:30:02]} 3. Nc3 {[%clk 1:31:33]} Bg7 {[%clk 1:30:26]} 4. e4
{[%clk 1:31:15]} d6 {[%clk 1:30:49]} 5. f3 {[%clk 1:30:51]} O-O {[%clk 1:31:11]}
6. Bg5 {[%clk 1:31:05]} c5 {[%clk 1:30:10]} 7. Nge2 {[%clk 1:30:49]} Nc6
{[%clk 1:22:24]} 8. d5 {[%clk 1:29:00]} Ne5 {[%clk 1:21:24]} 9. Nc1
{[%clk 1:27:23]} h6 {[%clk 1:17:03]} 10. Be3 {[%clk 1:27:17]} e6 {[%clk 1:15:33]}
11. Be2 {[%clk 1:22:35]} exd5 {[%clk 1:15:12]} 12. cxd5 {[%clk 1:22:59]} a6
{[%clk 1:15:24]} 13. a4 {[%clk 1:22:42]} Re8 {[%clk 1:15:23]} 14. O-O
{[%clk 1:23:03]} Qc7 {[%clk 1:11:03]} 15. Qd2 {[%clk 1:21:16]} h5
{[%clk 1:11:09]} 16. h3 {[%clk 1:18:05]} Ned7 {[%clk 1:10:03]} 17. Nb3
{[%clk 1:12:16]} b6 {[%clk 1:09:52]} 18. Rac1 {[%clk 1:11:21]} Rb8
{[%clk 1:07:24]} 19. Rfe1 {[%clk 1:05:35]} Nf8 {[%clk 1:05:11]} 20. Na1
{[%clk 1:00:59]} N8h7 {[%clk 1:03:57]} 21. Nc2 {[%clk 1:00:56]} h4
{[%clk 1:00:14]} 22. b4 {[%clk 1:00:01]} Nh5 {[%clk 0:58:48]} 23. bxc5
{[%clk 0:52:03]} bxc5 {[%clk 0:57:44]} 24. Na3 {[%clk 0:52:22]} Ng3
{[%clk 0:56:36]} 25. Bd3 {[%clk 0:51:31]} Bb7 {[%clk 0:38:32]} 26. Nc4
{[%clk 0:51:33]} Rbd8 {[%clk 0:38:54]} 27. Rb1 {[%clk 0:50:05]} Bc8
{[%clk 0:30:33]} 28. Rb6 {[%clk 0:46:46]} Bf8 {[%clk 0:05:22]} 29. Reb1
{[%clk 0:43:28]} Qe7 {[%clk 0:01:54]} 30. Kh2 {[%clk 0:37:40]} f5
{[%clk 0:01:20]} 31. Bf4 {[%clk 0:37:25]} Qg7 {[%clk 0:00:49]} 32. Nxd6
{[%clk 0:25:41]} Bxd6 {[%clk 0:00:49]} 33. Rxd6 {[%clk 0:25:07]} Rxd6
{[%clk 0:01:07]} 34. Bxd6 {[%clk 0:25:30]} fxe4 {[%clk 0:01:28]} 35. fxe4
{[%clk 0:25:46]} c4 {[%clk 0:01:02]} 36. Bxc4 {[%clk 0:20:41]} Nf6
{[%clk 0:01:16]} 37. Bf4 {[%clk 0:18:59]} Nfxe4 {[%clk 0:01:36]} 38. Nxe4
{[%clk 0:19:07]} Rxe4 {[%clk 0:01:30]} 39. Bd3 {[%clk 0:16:51]} Re8
{[%clk 0:01:23]} 40. Rb6 {[%clk 0:16:10]} Bf5 {[%clk 0:01:40]} 41. Bxa6
{[%clk 0:14:58]} Qa1 {[%clk 0:01:33]} 42. Bxg3 {[%clk 0:12:46]} hxg3+
{[%clk 0:28:31]} 43. Kxg3 {[%clk 0:42:48]} Re4 {[%clk 0:20:41]} 44. Qb2
{[%clk 0:37:37]} Qxa4 {[%clk 0:19:38]} 45. Rb8+ {[%clk 0:36:20]} Kf7
{[%clk 0:18:28]} 46. Rb7+ {[%clk 0:32:18]} Re7 {[%clk 0:11:58]} 47. Rxe7+
{[%clk 0:32:14]} Kxe7 {[%clk 0:12:26]} 48. Qe5+ {[%clk 0:32:32]} Kd7
{[%clk 0:11:48]} 49. Be2 {[%clk 0:32:34]} Qb4 {[%clk 0:09:57]} 50. Bf3
{[%clk 0:32:42]} Qc5 {[%clk 0:10:14]} 51. Qg7+ {[%clk 0:32:35]} Kd8
{[%clk 0:10:38]} 52. Qf6+ {[%clk 0:32:46]} Qe7 {[%clk 0:09:23]} 53. Qxe7+
{[%clk 0:32:46]} Kxe7 {[%clk 0:09:51]} 54. Kf4 {[%clk 0:33:08]} Kf6
{[%clk 0:10:18]} 55. h4 {[%clk 0:33:08]} 1-0

[Event "WCO2014"]
[Site "Tromso"]
[Date "2014.08.09"]
[Round "7.16"]
[WhiteID "7300697"]
[White "Giron David"]
[BlackID "10100520"]
[Black "Simoes Joao"]
[Result "1-0"]
[LiveChessVersion "1.4.3"]
[BlackElo "2245"]
[WhiteElo "2103"]

1. e4 {[%clk 1:30:48]} e6 {[%clk 1:25:11]} 2. d4 {[%clk 1:31:05]} d5
{[%clk 1:25:39]} 3. Nd2 {[%clk 1:31:27]} dxe4 {[%clk 1:25:37]} 4. Nxe4
{[%clk 1:31:48]} Bd7 {[%clk 1:25:58]} 5. Nf3 {[%clk 1:31:56]} Bc6
{[%clk 1:26:26]} 6. Bd3 {[%clk 1:32:17]} Bxe4 {[%clk 1:26:08]} 7. Bxe4
{[%clk 1:32:38]} c6 {[%clk 1:26:34]} 8. O-O {[%clk 1:32:59]} Nf6 {[%clk 1:26:50]}
9. Bd3 {[%clk 1:33:20]} Nbd7 {[%clk 1:27:17]} 10. c3 {[%clk 1:27:39]} Bd6
{[%clk 1:25:09]} 11. Bg5 {[%clk 1:25:43]} Qc7 {[%clk 1:25:37]} 12. Re1
{[%clk 1:25:41]} h6 {[%clk 1:24:35]} 13. Bh4 {[%clk 1:24:18]} g5 {[%clk 1:21:57]}
14. Bg3 {[%clk 1:24:42]} Bxg3 {[%clk 1:22:09]} 15. hxg3 {[%clk 1:25:04]} O-O-O
{[%clk 1:22:26]} 16. a4 {[%clk 1:18:41]} g4 {[%clk 1:22:10]} 17. Nh4
{[%clk 1:15:51]} Kb8 {[%clk 1:22:03]} 18. Qc2 {[%clk 1:11:44]} c5
{[%clk 1:13:14]} 19. dxc5 {[%clk 1:05:37]} Nxc5 {[%clk 1:13:43]} 20. Bb5
{[%clk 1:05:45]} Rd6 {[%clk 1:07:08]} 21. b4 {[%clk 0:47:52]} Na6
{[%clk 1:07:36]} 22. Bxa6 {[%clk 0:44:56]} Rxa6 {[%clk 1:07:23]} 23. c4
{[%clk 0:45:20]} Rd6 {[%clk 0:59:57]} 24. Qc3 {[%clk 0:35:16]} Qd8
{[%clk 1:00:25]} 25. a5 {[%clk 0:35:25]} Rd4 {[%clk 0:56:35]} 26. a6
{[%clk 0:27:58]} b6 {[%clk 0:53:42]} 27. Kh2 {[%clk 0:27:06]} Ne4
{[%clk 0:45:42]} 28. Qc2 {[%clk 0:22:36]} f5 {[%clk 0:44:50]} 29. Rad1
{[%clk 0:16:03]} Rh7 {[%clk 0:40:42]} 30. Rxd4 {[%clk 0:06:46]} Qxd4
{[%clk 0:41:10]} 31. Qa4 {[%clk 0:07:10]} Rd7 {[%clk 0:30:16]} 32. Ng6
{[%clk 0:05:36]} Rd8 {[%clk 0:25:16]} 33. Qc6 {[%clk 0:02:30]} Qd7
{[%clk 0:20:23]} 34. Ne5 {[%clk 0:02:58]} Qc8 {[%clk 0:20:38]} 35. Rxe4
{[%clk 0:01:47]} fxe4 {[%clk 0:20:24]} 36. Qxe4 {[%clk 0:02:15]} Rd6
{[%clk 0:18:16]} 37. b5 {[%clk 0:01:57]} h5 {[%clk 0:16:49]} 38. Qf4
{[%clk 0:00:41]} Qc7 {[%clk 0:16:56]} 39. Qf8+ {[%clk 0:00:33]} Rd8
{[%clk 0:16:51]} 40. Qf4 {[%clk 0:00:39]} Kc8 {[%clk 0:15:23]} 41. Qe4
{[%clk 0:00:35]} Rd6 {[%clk 0:15:41]} 42. Qg6 {[%clk 0:25:05]} Qe7
{[%clk 0:40:48]} 43. Qg8+ {[%clk 0:21:47]} Rd8 {[%clk 0:40:31]} 44. Nc6
{[%clk 0:19:21]} Rxg8 {[%clk 0:32:33]} 45. Nxe7+ {[%clk 0:19:45]} Kd7
{[%clk 0:32:52]} 46. Nxg8 {[%clk 0:20:11]} Kd6 {[%clk 0:33:16]} 47. Nf6
{[%clk 0:20:13]} Kc5 {[%clk 0:33:45]} 48. Nxh5 {[%clk 0:16:47]} Kxc4
{[%clk 0:34:13]} 49. Nf6 {[%clk 0:17:15]} Kxb5 {[%clk 0:34:29]} 50. Nxg4
{[%clk 0:17:43]} Kxa6 {[%clk 0:34:49]} 51. Ne3 {[%clk 0:17:36]} Kb5
{[%clk 0:35:18]} 52. g4 {[%clk 0:17:52]} Kc5 {[%clk 0:35:26]} 53. g5
{[%clk 0:17:04]} Kd6 {[%clk 0:35:36]} 54. Nc4+ {[%clk 0:17:04]} Ke7
{[%clk 0:35:36]} 55. f4 {[%clk 0:17:27]} b5 {[%clk 0:35:59]} 56. Na5
{[%clk 0:17:45]} Kf7 {[%clk 0:36:23]} 57. Kg3 {[%clk 0:17:32]} Kg6
{[%clk 0:36:45]} 58. Kg4 {[%clk 0:17:18]} b4 {[%clk 0:37:12]} 59. g3
{[%clk 0:17:34]} a6 {[%clk 0:37:41]} 60. Kf3 {[%clk 0:17:34]} 1-0